[Event "Cto Aragon Equipos Pref Gr II"]
[Site "Aragon"]
[Date "2018.02.24"]
[Round "5.61"]
[White "Colom Sienes, Eduardo"]
[Black "Garcia Estruch, Jorge"]
[Result "1-0"]
[WhiteElo "2089"]
[BlackElo "1785"]
[PlyCount "89"]
[EventDate "2018.??.??"]
[EventType "tourn"]
[EventRounds "9"]
[EventCountry "ESP"]
[WhiteTeam "Palacio de Pioneros B"]
[BlackTeam "Sabiñanigo"]

1. e4 e5 2. Bc4 Nf6 3. d3 Nc6 4. Nc3 d6 5. f4 Be7 6. Nf3 O-O 7. O-O Bg4 8. h3
Bxf3 9. Rxf3 Nd4 10. Rg3 b5 11. Nxb5 Nxb5 12. fxe5 dxe5 13. Bxb5 Nxe4 14. Rf3
c6 15. Bc4 Bc5+ 16. Kh2 Nd6 17. Bb3 Qc7 18. Qf1 e4 19. dxe4 Nxe4+ 20. Bf4 Bd6
21. g3 Bxf4 22. Rxf4 Nd2 23. Qf2 Nxb3 24. axb3 Qe5 25. Rxa7 Rxa7 26. Qxa7 Qxb2
27. Qc5 Re8 28. Rf2 Qe5 29. Qxc6 Qe3 30. Kg2 h6 31. b4 Re6 32. Qa8+ Kh7 33. Qf3
Qd4 34. Qxf7 Qe4+ 35. Kh2 Rg6 36. Qf4 Qe1 37. Qd2 Qe5 38. Qd3 Qe1 39. Re2 Qf1
40. b5 h5 41. h4 Qf6 42. c4 Qb6 43. c5 Qxc5 44. Re6 Qf2+ 45. Kh3 1-0

[Event "Cto Aragon Equipos Pref Gr II"]
[Site "Aragon"]
[Date "2018.02.24"]
[Round "5.62"]
[White "Martinez Carnicer, Eduardo"]
[Black "Sacristan Latorre, Alberto"]
[Result "0-1"]
[WhiteElo "1738"]
[BlackElo "2055"]
[PlyCount "94"]
[EventDate "2018.??.??"]
[EventType "tourn"]
[EventRounds "9"]
[EventCountry "ESP"]
[WhiteTeam "Sabiñanigo"]
[BlackTeam "Palacio de Pioneros B"]

1. e4 c5 2. Nc3 Nc6 3. g3 g6 4. Bg2 Bg7 5. d3 Rb8 6. f4 d6 7. Nf3 b5 8. O-O b4
9. Ne2 Nf6 10. h3 O-O 11. c3 Ba6 12. Re1 c4 13. e5 dxe5 14. Nxe5 Nxe5 15. fxe5
Nd5 16. d4 bxc3 17. bxc3 Qa5 18. Qc2 Rfd8 19. Bg5 f6 20. exf6 exf6 21. Bd2 Bb7
22. Rab1 Bc6 23. Rxb8 Rxb8 24. Nf4 Rd8 25. Ne6 Re8 26. Nxg7 Kxg7 27. Rxe8 Bxe8
28. Qe4 Bf7 29. Qc2 Qc7 30. Kh2 Qe7 31. Qe4 Qa3 32. Qc2 Qe7 33. Qe4 Qa3 34. Qc2
f5 35. Bxd5 Bxd5 36. Bc1 Qe7 37. Qd2 Qe4 38. Kg1 Qh1+ 39. Kf2 Qg2+ 40. Ke1
Qxg3+ 41. Kd1 Qxh3 42. Qf4 Qf3+ 43. Ke1 Qxf4 44. Bxf4 Kf6 45. Be5+ Kg5 46. Kf2
Kg4 47. a3 f4 0-1

[Event "Cto Aragon Equipos Pref Gr II"]
[Site "Aragon"]
[Date "2018.02.24"]
[Round "5.64"]
[White "Garcia Estruch, Mauricio"]
[Black "Sacristan Latorre, Carlos"]
[Result "0-1"]
[WhiteElo "1441"]
[BlackElo "1637"]
[PlyCount "94"]
[EventDate "2018.??.??"]
[EventType "tourn"]
[EventRounds "9"]
[EventCountry "ESP"]
[WhiteTeam "Sabiñanigo"]
[BlackTeam "Palacio de Pioneros B"]

1. Nf3 Nf6 2. c4 g6 3. d4 Bg7 4. Nc3 O-O 5. e4 d6 6. Be2 Nfd7 7. O-O e5 8. Be3
Nc6 9. d5 Ne7 10. Qd2 f5 11. exf5 Nxf5 12. Bg5 Nf6 13. g4 Ne7 14. h3 a6 15.
Rac1 h5 16. Nh2 hxg4 17. hxg4 Nh7 18. Ne4 Nxg5 19. Qxg5 Rf4 20. Bd3 Qf8 21. f3
Bh6 22. Qh4 Nf5 23. Qf6 Qxf6 24. Nxf6+ Kf7 25. gxf5 Kxf6 26. Ng4+ Rxg4+ 27.
fxg4 Bxc1 28. Rxc1 gxf5 29. gxf5 Bxf5 30. Rf1 Rg8+ 31. Kh2 Rg5 32. Rf2 Kg6 33.
Be2 e4 34. Rg2 Rxg2+ 35. Kxg2 Kg5 36. Kg3 b6 37. b4 a5 38. b5 Bg6 39. a3 Kf5
40. Bd1 Ke5 41. Kg4 Kd4 42. Kg5 Bh7 43. Be2 e3 44. Kf4 Bd3 45. Kf3 Bxc4 46.
Bxc4 Kxc4 47. Kxe3 Kxd5 0-1

[Event "Cto Aragon Equipos Pref Gr II"]
[Site "Aragon"]
[Date "2018.02.24"]
[Round "5.65"]
[White "Antonano Fedz-Quincoces, Avelino"]
[Black "Planas Torrea, Alberto"]
[Result "1-0"]
[WhiteElo "2042"]
[BlackElo "1941"]
[PlyCount "147"]
[EventDate "2018.??.??"]
[EventType "tourn"]
[EventRounds "9"]
[EventCountry "ESP"]
[WhiteTeam "St Casablanca C"]
[BlackTeam "Ejea"]

1. e4 e5 2. Nf3 Nc6 3. d4 exd4 4. Bc4 Nf6 5. e5 d5 6. Bb5 Ne4 7. Nxd4 Bc5 8.
Be3 Bd7 9. Bxc6 bxc6 10. Nd2 Nxd2 11. Qxd2 O-O 12. Qc3 Bb6 13. Nxc6 Bxc6 14.
Qxc6 Bxe3 15. fxe3 Re8 16. O-O Rxe5 17. Rad1 Qe8 18. Qxc7 Rc8 19. Qb7 Rxc2 20.
Rc1 Re7 21. Qxe7 Qxe7 22. Rxc2 Qxe3+ 23. Kh1 g6 24. Rc8+ Kg7 25. Rc7 Qe6 26.
Rxa7 d4 27. Raxf7+ Kh6 28. R7f2 Qe3 29. Kg1 d3 30. Rd1 d2 31. Kf1 Qe5 32. Rdxd2
Qxh2 33. Ke1 Qg1+ 34. Rf1 Qe3+ 35. Kd1 Qa7 36. Rh1+ Kg5 37. a3 h5 38. Kc2 Kg4
39. Kb1 g5 40. Rc1 h4 41. Ka2 Qf7+ 42. b3 Qf6 43. Rcc2 h3 44. gxh3+ Kh4 45. Rd3
Qf5 46. Rdc3 Qf1 47. a4 Qd1 48. b4 Qd5+ 49. Rb3 Qd1 50. Rc4+ Kh5 51. Rcc3 Qd2+
52. Ka3 Qd1 53. b5 Qa1+ 54. Kb4 Qe1 55. a5 Qe7+ 56. Ka4 Qe4+ 57. Rb4 Qe1 58.
Rbc4 Qd1+ 59. Kb4 Qd6+ 60. Ka4 Qd1+ 61. Rc2 Qa1+ 62. Kb4 Qb1+ 63. Kc5 Qg1+ 64.
Rd4 Qa1 65. a6 Qa3+ 66. Kb6 Qxh3 67. a7 Qe3 68. Rcc4 Qe6+ 69. Kb7 Qf7+ 70. Rc7
Qf3+ 71. Rc6 Qf7+ 72. Kb6 Qf8 73. Rd7 g4 74. Kb7 1-0

[Event "Cto Aragon Equipos Pref Gr II"]
[Site "Aragon"]
[Date "2018.02.24"]
[Round "5.66"]
[White "Marcellan Peire, Jesus Eduardo"]
[Black "Rodes Apilluelo, Jose Maria"]
[Result "0-1"]
[WhiteElo "1934"]
[BlackElo "1976"]
[PlyCount "112"]
[EventDate "2018.??.??"]
[EventType "tourn"]
[EventRounds "9"]
[EventCountry "ESP"]
[WhiteTeam "Ejea"]
[BlackTeam "St Casablanca C"]

1. d4 Nf6 2. c4 e5 3. e3 exd4 4. exd4 Bb4+ 5. Bd2 Qe7+ 6. Be2 O-O 7. a3 Bxd2+
8. Nxd2 d5 9. Ngf3 Re8 10. Rc1 Nc6 11. Rc3 Bg4 12. Re3 Qd7 13. Rxe8+ Rxe8 14.
O-O Qe7 15. cxd5 Nxd5 16. Bb5 Bd7 17. Re1 Qd8 18. Rxe8+ Qxe8 19. Qc2 Nxd4 20.
Nxd4 Bxb5 21. N2f3 c6 22. g3 h6 23. Qf5 Ba6 24. h4 Nf6 25. Ne5 c5 26. Ndf3 b6
27. Nd2 Bb7 28. g4 Qe6 29. Qf4 Nd7 30. Nec4 Qd5 31. f3 Ba6 32. Nd6 Ne5 33. N6e4
Qd4+ 34. Kg2 Bd3 35. g5 hxg5 36. hxg5 Bxe4 37. Nxe4 Qxb2+ 38. Kg3 Ng6 39. Qb8+
Kh7 40. Qxa7 Qe5+ 41. Kf2 Qe6 42. Kg3 Ne5 43. Qc7 Qf5 44. Nd2 Qxg5+ 45. Kh3
Qxd2 46. Qxe5 Qh6+ 47. Kg2 Qe6 48. Qh5+ Kg8 49. Qh4 g6 50. Qd8+ Kg7 51. a4 Qa2+
52. Kg1 Qxa4 53. Qxb6 Qb4 54. Qa7 Qf4 55. Kf2 c4 56. Qa2 Qh2+ 0-1

[Event "Cto Aragon Equipos Pref Gr II"]
[Site "Aragon"]
[Date "2018.02.24"]
[Round "5.67"]
[White "Alvarez Gonzalo, Miguel Angel"]
[Black "Merin Flores, Miguel Angel"]
[Result "1-0"]
[WhiteElo "1825"]
[BlackElo "1737"]
[PlyCount "105"]
[EventDate "2018.??.??"]
[EventType "tourn"]
[EventRounds "9"]
[EventCountry "ESP"]
[WhiteTeam "St Casablanca C"]
[BlackTeam "Ejea"]

1. c4 e5 2. g3 Nf6 3. Bg2 Be7 4. Nc3 O-O 5. Nf3 Nc6 6. O-O d6 7. d4 exd4 8.
Nxd4 Bd7 9. e4 Ne5 10. b3 Qc8 11. Bb2 Bh3 12. Nd5 Bd8 13. f3 Bxg2 14. Kxg2 h5
15. h3 Nh7 16. Nf5 Re8 17. Nxg7 Kxg7 18. f4 c6 19. Ne3 Re6 20. fxe5 dxe5 21.
Qxh5 f6 22. Nf5+ Kh8 23. Qg6 Re7 24. Nxe7 Bxe7 25. Rf5 Qe6 26. Rh5 Qg8 27.
Qxg8+ Kxg8 28. Rd1 Nf8 29. Rf5 Kg7 30. h4 Kg6 31. h5+ Kf7 32. Bxe5 Ke6 33. Bf4
Nd7 34. h6 Rh8 35. Rh5 Nc5 36. Kf3 Kf7 37. Bd6 Ne6 38. Bxe7 Kxe7 39. g4 Rh7 40.
Rd2 Nf8 41. b4 Ne6 42. a4 Nc7 43. a5 Ne6 44. b5 c5 45. b6 a6 46. Rdd5 Nd4+ 47.
Ke3 Nb3 48. Kd3 Ke6 49. Kc3 Nxa5 50. Rxc5 Nc6 51. Rxc6+ bxc6 52. b7 Rxb7 53. h7
1-0

[Event "Cto Aragon Equipos Pref Gr II"]
[Site "Aragon"]
[Date "2018.02.24"]
[Round "5.68"]
[White "Asin Jimenez, Pedro Jose"]
[Black "Vela Frago, Alberto"]
[Result "0-1"]
[WhiteElo "1733"]
[BlackElo "1808"]
[PlyCount "87"]
[EventDate "2018.??.??"]
[EventType "tourn"]
[EventRounds "9"]
[EventCountry "ESP"]
[WhiteTeam "Ejea"]
[BlackTeam "St Casablanca C"]

1. e4 c5 2. Nf3 e6 3. c3 d5 4. exd5 Qxd5 5. d4 Nc6 6. Bd3 Nf6 7. O-O Bd7 8. Be3
O-O-O 9. Qc2 cxd4 10. cxd4 Kb8 11. Nc3 Qa5 12. a3 Nd5 13. b4 Qb6 14. Nxd5 exd5
15. h3 Bd6 16. Ne5 Bxe5 17. dxe5 d4 18. Bf4 Be6 19. Rac1 Ne7 20. Qc5 Qxc5 21.
Rxc5 Nd5 22. Bd2 Rc8 23. Rfc1 Rxc5 24. Rxc5 Rd8 25. Kf1 Nb6 26. f4 Na4 27. Rc2
Bb3 28. Rc1 h5 29. g3 Bd5 30. Rc2 a6 31. h4 b5 32. Kf2 Nb6 33. Rc5 Kb7 34. Bc1
Kb8 35. Ke2 Na4 36. Rc2 Nc3+ 37. Kd2 Nb1+ 38. Ke2 Bb3 39. Rc5 Nc3+ 40. Kd2 Na4
41. Rc6 Kb7 42. Rd6 Rxd6 43. exd6 Kc6 44. Bb2 0-1

[Event "Cto Aragon Equipos Pref Gr II"]
[Site "Aragon"]
[Date "2018.02.24"]
[Round "5.69"]
[White "Cajo Esteban, Ruben"]
[Black "Fabre Perez, Jose Maria"]
[Result "0-1"]
[WhiteElo "1892"]
[BlackElo "1943"]
[PlyCount "66"]
[EventDate "2018.??.??"]
[EventType "tourn"]
[EventRounds "9"]
[EventCountry "ESP"]
[WhiteTeam "Dr. Azua"]
[BlackTeam "Marcos Frechin B"]

1. d4 d5 2. Nf3 Nf6 3. c4 e6 4. Nc3 Be7 5. Bf4 O-O 6. e3 Nbd7 7. cxd5 exd5 8.
Bd3 c6 9. h3 Nb6 10. O-O Nc4 11. Qc2 Bd6 12. Bxd6 Nxd6 13. Ne5 g6 14. Na4 Nfe4
15. Nc5 Qe7 16. b4 Ng5 17. Kh2 f6 18. Nf3 Nxf3+ 19. gxf3 b6 20. Nb3 Qd7 21. Rh1
Qxh3+ 22. Kg1 Qxf3 23. Qxc6 Bf5 24. Bxf5 Nxf5 25. Qe6+ Kg7 26. Rh2 Rae8 27. Qc6
Re4 28. Qd7+ Rf7 29. Qb5 Rg4+ 30. Kf1 Nxe3+ 31. Ke1 Rg1+ 32. Kd2 Nc4+ 33. Kc2
Qe2+ 0-1

[Event "Cto Aragon Equipos Pref Gr II"]
[Site "Aragon"]
[Date "2018.02.24"]
[Round "5.70"]
[White "Gaspar Calvo, Luis Alberto"]
[Black "Solera Sanchez, Roberto"]
[Result "0-1"]
[WhiteElo "1915"]
[BlackElo "1837"]
[PlyCount "80"]
[EventDate "2018.??.??"]
[EventType "tourn"]
[EventRounds "9"]
[EventCountry "ESP"]
[WhiteTeam "Marcos Frechin B"]
[BlackTeam "Dr. Azua"]

1. c4 c6 2. e4 d5 3. exd5 cxd5 4. d4 Nf6 5. Nc3 Nc6 6. Nf3 e6 7. Bg5 Be7 8. Rc1
O-O 9. a3 Ne4 10. Bxe7 Nxe7 11. Nxe4 dxe4 12. Ng5 e3 13. f4 Nf5 14. Nf3 b5 15.
Be2 bxc4 16. O-O Bb7 17. Rxc4 Bd5 18. Rc3 Rb8 19. b4 a5 20. bxa5 Qxa5 21. Rc5
Qxa3 22. Ne5 Qb3 23. Nd7 Qxd1 24. Rxd1 Rb2 25. Rxd5 exd5 26. Bg4 e2 27. Re1
Nxd4 28. Nxf8 Kxf8 29. Kf2 f5 30. Bh3 g6 31. g4 Kf7 32. gxf5 gxf5 33. Bg2 Ke6
34. h4 h5 35. Bh1 Kd6 36. Bg2 Ne6 37. Bh3 Nxf4 38. Bxf5 d4 39. Rb1 Rxb1 40.
Bxb1 Kc5 0-1

[Event "Cto Aragon Equipos Pref Gr II"]
[Site "Aragon"]
[Date "2018.02.24"]
[Round "5.71"]
[White "Lebron Duran, Jose Maria"]
[Black "Santos Morales, Julio Cesar"]
[Result "0-1"]
[WhiteElo "1835"]
[BlackElo "1904"]
[PlyCount "110"]
[EventDate "2018.??.??"]
[EventType "tourn"]
[EventRounds "9"]
[EventCountry "ESP"]
[WhiteTeam "Dr. Azua"]
[BlackTeam "Marcos Frechin B"]

1. e4 d5 2. exd5 Qxd5 3. Nc3 Qd6 4. d4 Nf6 5. Bc4 a6 6. f3 b5 7. Bb3 Bb7 8.
Nge2 e6 9. Be3 Nbd7 10. Ng3 c5 11. dxc5 Nxc5 12. O-O Be7 13. Qe2 O-O 14. Bg5
Rad8 15. Kh1 Qc7 16. Rad1 b4 17. Na4 Nxb3 18. cxb3 Qa5 19. Be3 Nd5 20. Bd4 Bc6
21. Nh5 Bxa4 22. bxa4 Qxa4 23. b3 Qb5 24. Qe5 Nf6 25. Nxf6+ Bxf6 26. Qxb5 axb5
27. Bc5 Rfe8 28. Bxb4 Bd4 29. Rd3 e5 30. Rfd1 Ra8 31. f4 Rxa2 32. fxe5 Bxe5 33.
Re1 f6 34. Rde3 Rc8 35. g3 Rcc2 36. Rd1 Rxh2+ 37. Kg1 Rag2+ 38. Kf1 Rxg3 39.
Rxg3 Rh1+ 40. Rg1 Rxg1+ 41. Kxg1 h5 42. Rd5 g5 43. Bd6 Bc3 44. Rxb5 h4 45. Rf5
Kf7 46. Rf3 Bd4+ 47. Kg2 Ke6 48. Bb4 f5 49. Bc3 Ba7 50. Rf1 g4 51. Re1+ Kf7 52.
Re5 h3+ 53. Kh1 g3 54. Rxf5+ Kg6 55. Rf6+ Kg5 0-1

[Event "Cto Aragon Equipos Pref Gr II"]
[Site "Aragon"]
[Date "2018.02.24"]
[Round "5.72"]
[White "Obon Zuniga, Francisco"]
[Black "Muro Guerrero, Miguel"]
[Result "1-0"]
[WhiteElo "1796"]
[BlackElo "1701"]
[PlyCount "57"]
[EventDate "2018.??.??"]
[EventType "tourn"]
[EventRounds "9"]
[EventCountry "ESP"]
[WhiteTeam "Marcos Frechin B"]
[BlackTeam "Dr. Azua"]

1. d4 Nf6 2. c4 d5 3. Nc3 c6 4. Nf3 e6 5. Bg5 h6 6. Bh4 Nbd7 7. e3 Bd6 8. Qc2
O-O 9. cxd5 exd5 10. Bd3 Re8 11. g4 Qb6 12. g5 hxg5 13. Bxg5 c5 14. O-O-O c4
15. Bf5 Qc6 16. Rhg1 Nh5 17. Rg2 Ndf6 18. Bxf6 Nxf6 19. Rdg1 Bf8 20. Ne5 Bxf5
21. Qxf5 Qe6 22. Qf4 Rab8 23. Qh6 Nh5 24. Qxh5 b5 25. Ng4 g6 26. Qe5 Qxe5 27.
Nxe5 b4 28. Nxd5 Bg7 29. Nxc4 1-0

[Event "División  Honor Aragonesa 2018 "]
[Site "Aragon"]
[Date "2018.03.03"]
[Round "6.2"]
[White "Laliena Solanes, Luis"]
[Black "Ramiro Ovejero, Juan Luis"]
[Result "0-1"]
[WhiteElo "2140"]
[BlackElo "2384"]
[PlyCount "100"]
[EventDate "2018.??.??"]
[EventType "tourn"]
[EventRounds "10"]
[EventCountry "ESP"]
[WhiteTeam "ONCE C.A. Aragon"]
[BlackTeam "Jaime Casas"]

1. d4 Nf6 2. Nf3 d6 3. g3 g6 4. Bg2 Bg7 5. O-O O-O 6. a4 Na6 7. Re1 c5 8. c3 d5
9. Na3 Bf5 10. Qb3 Qb6 11. Qxb6 axb6 12. Ne5 Nc7 13. Be3 Ne6 14. g4 Bxg4 15.
Nxg4 Nxg4 16. Bxd5 cxd4 17. Bxe6 fxe6 18. Bxd4 Bxd4 19. cxd4 Rxa4 20. Nc2 Rc4
21. Ne3 Rxd4 22. Nxg4 Rxg4+ 23. Kf1 Rf5 24. Ra7 Rfg5 25. e3 Rg1+ 26. Ke2 Rxe1+
27. Kxe1 Rb5 28. Ra2 Kf7 29. Ke2 Kf6 30. Kd3 Rh5 31. Ra7 Rxh2 32. Rxb7 Rxf2 33.
Rxb6 h5 34. b4 h4 35. Rb8 Ke5 36. b5 h3 37. b6 Rb2 38. Kc3 h2 39. Rh8 Rxb6 40.
Rxh2 Ke4 41. Rg2 e5 42. Rg3 Rd6 43. Kc2 Kf5 44. Rf3+ Kg4 45. Rf7 e6 46. Rf6 g5
47. Rg6 Kh4 48. Rh6+ Kg3 49. Rg6 g4 50. Rg5 e4 0-1

[Event "División  Honor Aragonesa 2018 "]
[Site "Aragon"]
[Date "2018.03.03"]
[Round "6.3"]
[White "Gines Esteo, Pedro Antonio"]
[Black "Cobo Garrido, Diego Israel"]
[Result "1-0"]
[WhiteElo "2386"]
[BlackElo "2083"]
[PlyCount "97"]
[EventDate "2018.??.??"]
[EventType "tourn"]
[EventRounds "10"]
[EventCountry "ESP"]
[WhiteTeam "Jaime Casas"]
[BlackTeam "ONCE C.A. Aragon"]

1. d4 Nf6 2. c4 e6 3. Nc3 d5 4. cxd5 exd5 5. Bg5 Be7 6. e3 c6 7. Bd3 Nbd7 8.
Qc2 Nh5 9. Bxe7 Qxe7 10. Nge2 Nb6 11. O-O Nf6 12. Ng3 O-O 13. Rae1 Be6 14. f4
c5 15. f5 Bd7 16. e4 dxe4 17. Ncxe4 c4 18. Bxc4 Nxc4 19. Qxc4 Rac8 20. Nxf6+
Qxf6 21. Qd5 Qc6 22. Qxc6 Rxc6 23. Ne4 Rb6 24. Nc5 Bc8 25. Re2 Rd6 26. Rf4 Rfd8
27. g4 Kf8 28. Nb3 g6 29. fxg6 hxg6 30. Ref2 R8d7 31. Rc2 Rd8 32. Rc7 R6d7 33.
Rxd7 Rxd7 34. h4 Rd5 35. g5 Bf5 36. Nd2 f6 37. Nf3 Kf7 38. Kf2 Ra5 39. a3 Rb5
40. b4 a5 41. bxa5 Rxa5 42. d5 Rxd5 43. Rb4 b5 44. Ke3 Rd3+ 45. Kf4 Rxa3 46.
Rxb5 Ra4+ 47. Kg3 Rg4+ 48. Kf2 fxg5 49. Ne5+ 1-0

[Event "División  Honor Aragonesa 2018 "]
[Site "Aragon"]
[Date "2018.03.03"]
[Round "6.4"]
[White "Fuertes Garay, Javier"]
[Black "Fontana Sotomayor, Luis Javier"]
[Result "1-0"]
[WhiteElo "2040"]
[BlackElo "2239"]
[PlyCount "67"]
[EventDate "2018.??.??"]
[EventType "tourn"]
[EventRounds "10"]
[EventCountry "ESP"]
[WhiteTeam "ONCE C.A. Aragon"]
[BlackTeam "Jaime Casas"]

1. e4 Nf6 2. e5 Nd5 3. d4 d6 4. c4 Nb6 5. exd6 exd6 6. Nc3 Be7 7. Be3 Nc6 8.
Bd3 O-O 9. Nge2 Nb4 10. O-O c6 11. d5 c5 12. Qd2 Re8 13. Rfe1 g6 14. Ng3 Nxd3
15. Qxd3 h5 16. b3 h4 17. Nge4 Bf5 18. Qd2 a6 19. Bf4 Nc8 20. h3 Bd7 21. a4 f6
22. Qd3 Kg7 23. Rad1 Qc7 24. Bc1 Na7 25. Bb2 Bf5 26. Qf3 Qd7 27. Rd2 Rf8 28.
Rde2 Rae8 29. Re3 Nc8 30. Nd2 Bd8 31. Nce4 b5 32. axb5 axb5 33. Qf4 Re5 34.
Qxh4 1-0

[Event "División  Honor Aragonesa 2018 "]
[Site "Aragon"]
[Date "2018.03.03"]
[Round "6.5"]
[White "Adla, Diego"]
[Black "Cifuentes Parada, Roberto"]
[Result "1/2-1/2"]
[WhiteElo "2407"]
[BlackElo "2465"]
[PlyCount "71"]
[EventDate "2018.??.??"]
[EventType "tourn"]
[EventRounds "10"]
[EventCountry "ESP"]
[WhiteTeam "St. Casablanca A"]
[BlackTeam "Jaque"]

1. e4 c5 2. Nf3 g6 3. c4 Nc6 4. d4 cxd4 5. Nxd4 Bg7 6. Be3 Nh6 7. Be2 d6 8. O-O
O-O 9. Nc3 f5 10. Bxh6 Bxh6 11. exf5 gxf5 12. Bf3 Bd7 13. c5 dxc5 14. Nxc6 bxc6
15. Na4 Qc7 16. Nxc5 Rad8 17. Qb3+ Kh8 18. Rad1 Bc8 19. Rxd8 Qxd8 20. Rd1 Qc7
21. Ne6 Bxe6 22. Qxe6 Rf6 23. Qd7 Qxd7 24. Rxd7 e5 25. g4 e4 26. Bg2 e3 27.
gxf5 Rxf5 28. fxe3 Bxe3+ 29. Kh1 Rf2 30. Bxc6 Rxb2 31. Re7 Bc5 32. Re8+ Kg7 33.
Bd5 h6 34. Bb3 Rf2 35. Rc8 Bb6 36. Rc2 1/2-1/2

[Event "División  Honor Aragonesa 2018 "]
[Site "Aragon"]
[Date "2018.03.03"]
[Round "6.6"]
[White "Eizaguerri Floris, Maria"]
[Black "Glavina, Pablo"]
[Result "0-1"]
[WhiteElo "2119"]
[BlackElo "2394"]
[PlyCount "46"]
[EventDate "2018.??.??"]
[EventType "tourn"]
[EventRounds "10"]
[EventCountry "ESP"]
[WhiteTeam "Jaque"]
[BlackTeam "St. Casablanca A"]

1. e4 c5 2. c3 Nf6 3. e5 Nd5 4. Bc4 Nb6 5. Bb3 Nc6 6. Nf3 d5 7. exd6 Qxd6 8. d4
cxd4 9. cxd4 e6 10. O-O Be7 11. Nc3 O-O 12. d5 exd5 13. Nxd5 Nxd5 14. Qxd5 Qg6
15. Re1 Bf6 16. Ng5 Bf5 17. Ne4 Rfe8 18. Nxf6+ gxf6 19. Qd1 Bh3 20. Bd5 Rxe1+
21. Qxe1 Rd8 22. Bxc6 bxc6 23. g3 Qe4 0-1

[Event "División  Honor Aragonesa 2018 "]
[Site "Aragon"]
[Date "2018.03.03"]
[Round "6.7"]
[White "Quintin Navarro, Alberto"]
[Black "Ereza Vizcarra, Fernando"]
[Result "1-0"]
[WhiteElo "2380"]
[BlackElo "2054"]
[PlyCount "80"]
[EventDate "2018.??.??"]
[EventType "tourn"]
[EventRounds "10"]
[EventCountry "ESP"]
[WhiteTeam "St. Casablanca A"]
[BlackTeam "Jaque"]

1. e4 c5 2. Nf3 g6 3. d4 cxd4 4. Qxd4 Nf6 5. e5 Nc6 6. Qa4 Nd5 7. Qe4 Nc7 8.
Nc3 Bg7 9. Bf4 Ne6 10. Bg3 Nc5 11. Qe3 Qa5 12. O-O-O O-O 13. h4 h5 14. Bf4 d6
15. Bb5 Be6 16. a3 a6 17. Bxc6 bxc6 18. exd6 Bxc3 19. Qxc3 Qxc3 20. bxc3 Ne4
21. dxe7 Rfe8 22. Rde1 Nxc3 23. Bd6 Bd5 24. Be5 Nb5 25. a4 Na3 26. Bf6 Rab8 27.
Ne5 Rb1+ 28. Kd2 Rb2 29. Rc1 Rb4 30. Ra1 Rf4 31. Nd7 Nc4+ 32. Kc3 Nd6 33. f3
Rc4+ 34. Kb2 Nf5 35. Rhe1 Be6 36. Rad1 a5 37. Be5 Bxd7 38. Rxd7 Ng7 39. Bxg7
Kxg7 40. Rd8 Rb4+ 1-0

[Event "División  Honor Aragonesa 2018 "]
[Site "Aragon"]
[Date "2018.03.03"]
[Round "6.8"]
[White "Buisac Anadon, Pablo"]
[Black "Chueca Lorente, Javier"]
[Result "0-1"]
[WhiteElo "1838"]
[BlackElo "2134"]
[PlyCount "34"]
[EventDate "2018.??.??"]
[EventType "tourn"]
[EventRounds "10"]
[EventCountry "ESP"]
[WhiteTeam "Jaque"]
[BlackTeam "St. Casablanca A"]

1. d4 d5 2. Nf3 c6 3. Bf4 Qb6 4. b3 Nf6 5. e3 Bf5 6. Be2 e6 7. O-O Be7 8. h3
O-O 9. Nbd2 Nbd7 10. c4 c5 11. Qc1 Rac8 12. Rd1 Rfd8 13. Qb2 Ne4 14. Rac1 Bf6
15. Ne5 cxd4 16. exd4 Bxe5 17. dxe5 Qxf2+ 0-1

[Event "División  Honor Aragonesa 2018 "]
[Site "Aragon"]
[Date "2018.03.03"]
[Round "6.9"]
[White "Hinojar Basa, Alfonso"]
[Black "Lana Rodriguez, David"]
[Result "0-1"]
[WhiteElo "2199"]
[BlackElo "2275"]
[PlyCount "114"]
[EventDate "2018.??.??"]
[EventType "tourn"]
[EventRounds "10"]
[EventCountry "ESP"]
[WhiteTeam "Marcos Frechin"]
[BlackTeam "Agrupacion"]

1. e4 e6 2. d4 d5 3. Nc3 Nf6 4. e5 Nfd7 5. Nce2 c5 6. c3 Nc6 7. Nf3 cxd4 8.
cxd4 f6 9. exf6 Qxf6 10. Nc3 h6 11. Bd3 Bd6 12. O-O O-O 13. Bc2 Re8 14. a3 Re7
15. b4 Nf8 16. Be3 Bd7 17. Re1 Rc8 18. Ne2 Be8 19. Ng3 a5 20. b5 Nb8 21. Bd2
Bxb5 22. Bxa5 Be8 23. Bb4 Bxb4 24. axb4 Qf4 25. Ne5 Nc6 26. Ne2 Qf6 27. Nxc6
bxc6 28. Qd2 Rb8 29. Nc3 Reb7 30. Rab1 Qe7 31. b5 Qd6 32. bxc6 Rxb1 33. Rxb1
Rxb1+ 34. Bxb1 Qxc6 35. Bc2 Bg6 36. Bd1 Qa6 37. h3 Nd7 38. Bg4 Nf6 39. Qe3 Kf7
40. Ne2 h5 41. Bf3 Be4 42. Bxe4 Nxe4 43. f3 Nd6 44. g4 hxg4 45. hxg4 Nc4 46.
Qf4+ Ke8 47. Kf2 Qb6 48. Kg3 Qd8 49. g5 Nd6 50. Kg4 Qd7 51. Qe5 Nc4 52. Qb8+
Kf7 53. Kh5 g6+ 54. Kh6 e5 55. Ng1 Nd6 56. dxe5 Nf5+ 57. Kh7 Ke6+ 0-1

[Event "División  Honor Aragonesa 2018 "]
[Site "Aragon"]
[Date "2018.03.03"]
[Round "6.10"]
[White "Barrantes Munoz, Hugo Pedro"]
[Black "Sancho Cortes, Miguel Angel"]
[Result "1/2-1/2"]
[WhiteElo "2203"]
[BlackElo "2048"]
[PlyCount "69"]
[EventDate "2018.??.??"]
[EventType "tourn"]
[EventRounds "10"]
[EventCountry "ESP"]
[WhiteTeam "Agrupacion"]
[BlackTeam "Marcos Frechin"]

1. b3 d5 2. Bb2 e6 3. Nf3 Nf6 4. e3 Be7 5. c4 c5 6. cxd5 Qxd5 7. Nc3 Qd8 8. d4
O-O 9. Be2 cxd4 10. Nxd4 e5 11. Nf3 Nc6 12. O-O Qa5 13. a3 a6 14. b4 Qd8 15.
Qc2 Bg4 16. Rfd1 Qe8 17. b5 axb5 18. Bxb5 Bxf3 19. gxf3 Qc8 20. Nd5 Nxd5 21.
Rxd5 Rd8 22. Rxd8+ Nxd8 23. Qe4 Qe6 24. a4 Bf6 25. Rc1 h5 26. Bd3 g6 27. Bc4
Qf5 28. Qxf5 gxf5 29. Bb5 Kg7 30. Rc7 Ne6 31. Rxb7 Nc5 32. Rc7 Nxa4 33. Bxa4
Rxa4 34. Rc5 e4 35. Bxf6+ 1/2-1/2

[Event "División  Honor Aragonesa 2018 "]
[Site "Aragon"]
[Date "2018.03.03"]
[Round "6.11"]
[White "Ciriano Lamban, Alejandro"]
[Black "Moreno Martin-Viveros, Alvaro"]
[Result "1/2-1/2"]
[WhiteElo "2073"]
[BlackElo "2089"]
[PlyCount "83"]
[EventDate "2018.??.??"]
[EventType "tourn"]
[EventRounds "10"]
[EventCountry "ESP"]
[WhiteTeam "Marcos Frechin"]
[BlackTeam "Agrupacion"]

1. d4 Nf6 2. c4 e6 3. Nc3 Bb4 4. e3 d5 5. Nge2 dxc4 6. Ng3 c5 7. Bxc4 Nc6 8. a3
Ba5 9. Nge2 Bb6 10. O-O cxd4 11. exd4 Nxd4 12. Nxd4 Qxd4 13. Qe2 O-O 14. Be3
Qg4 15. Bxb6 Qxe2 16. Bxe2 axb6 17. Bf3 Nd7 18. Rfd1 Ne5 19. Be2 Nc6 20. Rd6
Rd8 21. Rxd8+ Nxd8 22. Rd1 Nc6 23. Bf3 Kf8 24. Nb5 Ke7 25. Re1 Ra5 26. Nc3 Ne5
27. Be2 Bd7 28. f4 Ng6 29. g3 Bc6 30. Bc4 Nf8 31. a4 Ra8 32. b4 Rc8 33. Bb3 Bf3
34. Re3 Bg4 35. Nd5+ Kd6 36. Nxb6 Rc1+ 37. Kf2 Kc7 38. a5 Nd7 39. Nc4 Bh3 40.
Re1 Rc3 41. Re3 Rc1 42. Re1 1/2-1/2